000 00338nam a2200121Ia 4500
008 220217s9999||||xx |||||||||||||| ||und||
082 _a621.385 7
100 _aBergquist, Carl, J
_91941
245 0 _aTelephone projects: for electronics exforts
260 _aBPB publications
_bNew Delhi
_c2001
300 _b99
650 _aTELEPHONY
999 _c167834
_d167834